000 00377nam a22001457a 4500
020 _a9780070648159
040 _cNust
082 _a621.3121
_bNAG
100 _aNag, K P
_9123435
245 _aPower Plant Engineering
250 _a3rd Edition
260 _aNew Delhi:
_bMcGraw-Hill Publishing Company,
_c2008.
650 _aPower Plant Engineering
_958408
942 _2ddc
_cBK
999 _c610018
_d610018